Etymologie Pokémon - Statistiques

Statistiques générales
  • Ce quiz a été pris 1 047 fois
  • Le résultat moyen est 16 sur 20
Statistiques - réponses
Hint Réponse % Correct
Air + Armure Airmure
99%
Tortue + Petit + Pousse Tortipouss
95%
Simuler + Arbre Simularbre
94%
Corbeau + Ténèbre Cornèbre
93%
Excellent + Langue Excelangue
93%
Coquille + Perle Coquiperl
92%
Dragon + Attaque Drattak
89%
Morphos (forme en grec) + Météo Morphéo
89%
Etourmeau + Minuscule Etourmi
88%
Balle + Champignon Balignon
86%
Bastion + -don (suffixe pour les dinosaures) Bastiodon
86%
Electrique + "Enfant" en anglais Elekid
86%
Braise + Oisillon Braisillon
84%
Joseph Haydn + Daim Haydaim
83%
"Pachipachi" (crépitement électrique en japonnais)+ Ecureuil (en japonnais) Pachirisu
81%
Création + Farfadet Créfadet
80%
Criquet + Musique Crikzik
77%
"Rêve" en japonnais + Luna Munna
40%
Provient de Cybèle (divinité phrygienne) Celebi
20%
Provient de la "Biche de Cérynie" Xerneas
20%
Aucun quiz correspondant
Distribution des résultats
% des personnes avec chaque résultat
Percentile par nombre de réponses
Votre historique - résultats
Vous n’avez pas pris ce quiz